000 00894nam a22001697i 4500
082 _a355.4
_bHAR
_cD.
100 2 _aLiddell Hart, Basil Henry,
245 1 4 _aThe strategy of indirect approach
_cby B.H. Liddell Hart ; with a foreword by E.E. Dorman-Smith.
260 _aLondon :
_bFaber and Faber,
_c[1946]
300 _axiv, 317 p., [1] folded leaf of plates :
_bmaps ;
_c19 cm.
500 _a"Part of this book was published in Mcmxxix under the title of 'The Decisive Wars of History'. The present book was first published in June Mcmxli under the title of 'The Strategy of Indirect Approach' ... Reprinted under the title of 'The Way to Win Wars' in October Mcmxlii New and enlarged edition Mcmxlvi."
500 _aCall number of original: D25.L45 1946.
500 _aMaster microform held by: DLC.
526 _a0
_b0
_c0
_d355_400000000000000_HAR
650 _aMCE
_9379
942 _2ddc
_cBK
999 _c552377
_d552377